Srdce z ledu /

Další z případů agentky Huntové, ve kterém se tentokrát i ona ocitá v ohrožení ze strany sexuálního sadisty, který má na svědomí více jak třicet obětí.

Uloženo v:
Série:Nikki Huntová, část 6
Hlavní autor: Green, Stacy (Autor)
Další autoři: Jansová, Markéta, 1982- (Autor)
Médium: Kniha
Jazyk:Czech
Vydáno: Praha : Mystery Press, 2026
Vydání:1. vydání
Témata:
Celkem bylo vypůjčeno:0x
Příbuzné jednotky:Z cyklu:: Nikki Huntová
Tagy:
Žádné tagy
LEADER 02312nam a2200469 i 4500
001 106136
003 CZ PrNK
005 20260415114234.0
007 ta
008 260318s2026 xr g 000 f cze
015 |a cnb003745668 
020 |a 9788077070485  |q (vázáno) 
040 |a ABG001  |b cze  |e rda 
041 1 |a cze  |h eng 
072 7 |a 821.111(73)-3  |x Americká próza  |2 Konspekt  |9 25 
080 |a 821.111(73)-31  |2 MRF 
080 |a (0:82-312.4)  |2 MRF 
100 1 |a Green, Stacy  |7 xx0308198  |4 aut  |9 115765 
240 1 0 |a Her frozen heart.  |l Česky 
245 1 0 |a Srdce z ledu /  |c Stacy Green ; přeložila Markéta Jansová 
250 |a 1. vydání 
264 1 |a Praha :  |b Mystery Press,  |c 2026 
300 |a 239 stran ;  |c 22 cm 
336 |a text  |b txt  |2 rdacontent 
337 |a bez média  |b n  |2 rdamedia 
338 |a svazek  |b nc  |2 rdacarrier 
500 |a Přeloženo z angličtiny 
500 |a Obálkový podnázev: případ pro Nikki Huntovou 
520 2 |a Další z případů agentky Huntové, ve kterém se tentokrát i ona ocitá v ohrožení ze strany sexuálního sadisty, který má na svědomí více jak třicet obětí.  |b Když je v zamrzlém jezeře nedaleko Stillwateru nalezeno tělo sedmnáctileté Keshy Williamsové, je na místo přivolána zvláštní agentka FBI Nikki Huntová. Stopy po škrcení na krku oběti jasně vypovídají o tom, že se jedná o vraždu. Policie je přesvědčena, že pachatelem je Keshin přítel. Nikki si tím ale není tak jistá. Místo činu a chladnokrevný způsob usmrcení jasně ukazují na někoho, kdo nezabíjel poprvé. Nakladatelská anotace. Kráceno. 
655 7 |a americké romány  |7 fd131796  |2 czenas  |9 53403 
655 7 |a detektivní romány  |7 fd132010  |2 czenas  |9 53536 
655 7 |a thrillery (romány)  |7 fd184206  |2 czenas  |9 54254 
655 9 |a American fiction  |2 eczenas 
655 9 |a detective novels  |2 eczenas 
655 9 |a thrillers (novels)  |2 eczenas 
700 1 |a Jansová, Markéta,  |d 1982-  |7 pna2005292368  |4 trl  |9 108093 
710 2 |a Mystery Press (nakladatelství)  |7 xx0232336  |4 pbl  |9 117211 
787 0 8 |i Z cyklu:  |t Nikki Huntová  |g 6 
910 |a UOG502 
942 |2 ddc  |c KN 
999 |d 106136 
993 |0 0  |1 421180106861  |2 ddc  |4 0  |7 0  |9 99448  |b 0  |c 106861  |d 2026-04-15  |e 0  |f DOSP  |h 429.00  |i Koupě  |l DOSP  |r 2026-04-15  |t 6  |w 2026-04-15  |y KN  |z KRIMI  |n